Statistiques concernant Culture générale - les voitures

Cliquez ici pour prendre le quiz!

Statistiques générales

  • Ce quiz a été pris 589 fois
  • Le résultat moyen est 8 sur 12

Statistiques - réponses

QuestionsRéponse% Correct
La Lamborghini est origine de quelle pays?L'Italie
97%
Laquelle de ces marque est une marque chinoise ( Honda , Zeerk, Bugatti ou golf)Zeerk
94%
Honda est l'origine de quelle pays?Japon
92%
Es-ce que la marque "Fiat" est actuellement au Canada?Non
92%
L'auto "Phantom" existe t-elle?oui
92%
Nommer une marque d'auto sportive qui commence par la lettre "f".Ferrari
87%
Quelle est la couleur des motos Yamaha généralement?Bleu
81%
Quelle marque d'auto les Québécois préfère t-il?Toyota
53%
Nommer la principale marque d'auto qui commence par la lettre "G".GMC
32%
La Honda Civic 2022 "LX" est maintenant à partir de quel prix? (arrondir unité de mille près)24 465$
28%
Quelle est la marque de l'auto la plus rapide au monde?
(vous avez droit au recherche)
Chiron
14%
Quelle abréviation donne-ont au bus de ville au Québec?RTC
4%

Distribution des résultats

Percentile par nombre de réponses

% des personnes avec chaque résultat

Votre développement - résultats

Vous n’avez pas pris ce quiz